000 01402nam a2200337Ia 4500
001 ebr10292209
003 CaPaEBR
006 m u
007 cr cn|||||||||
008 070907s2008 nyua sb 001 0 eng d
020 _z9780765616371
020 _z0765616378
040 _aCaPaEBR
_cCaPaEBR
035 _a(OCoLC)471133953
050 1 4 _aHD30.2
_b.K636835 2008eb
245 0 0 _aKnowledge management
_h[electronic resource] :
_ban evolutionary view /
_cIrma Becerra-Fernandez, Dorothy Leidner, editors.
260 _aArmonk, N.Y. :
_bM.E. Sharpe, Inc.,
_cc2008.
300 _axiii, 330 p. :
_bill.
490 1 _aAdvances in management information systems,
_x1554-6152 ;
_vv. 12
504 _aIncludes bibliographical references and index.
533 _aElectronic reproduction.
_bPalo Alto, Calif. :
_cebrary,
_d2011.
_nAvailable via World Wide Web.
_nAccess may be limited to ebrary affiliated libraries.
650 0 _aKnowledge management.
650 0 _aInformation technology.
650 0 _aOrganizational learning.
655 7 _aElectronic books.
_2local
700 1 _aBecerra-Fernandez, Irma,
_d1960-
700 1 _aLeidner, D. E.
_q(Dorothy E.)
710 2 _aebrary, Inc.
830 0 _aAdvances in management information systems ;
_vv. 12.
856 4 0 _uhttp://site.ebrary.com/lib/rucke/Doc?id=10292209
_zAn electronic book accessible through the World Wide Web; click to view
999 _c74538
_d74538